000 00589nam 22002053 4500
001 197928
010 _a972-711-374-5
021 _b147353/00
090 _a197928
100 _a20250917d u||y0pory50 ba
200 _aVoar é Preciso
_eA experiência de uma terapeuta de regressão
_fIvete Scarpari
205 _a
210 _aCascais
_cEditora Pergaminho
_d2000
215 _a129, [7] p.
_cbrochado
_d21 cm
606 _99
_aLiteratura Brasileira
675 _a821.134.3(81)-3
_vPT
_zpor
700 _913966
_aScarpari
_bIvete
801 _aPT
_bBMMN
_gRPC
830 _cAna Caetano
990 _cLIVROS